00879cam a22002535a 45000010009000000050017000090080041000260100017000670200025000840400033001090820020001421000028001622450053001902600062002433000025003055000024003305040032003546500047003866510010004336530022004439420008004659990017004739520135004901880552320201128023728.0151002s2016 enka frb 001 0 eng d a 2015032816 a9781137299147 (pbk.) aDLCbengcDLCdDLCdEG-ScBUE04a320.01bSHO2221 aShorten, Andrew.93990110aContemporary political theory /cAndrew Shorten. aLondon :bPalgrave / Macmillan Publishers Limited,c2016. axv, 342 p. ;c24 cm. aIndex : p. 336-342. aBibliography : p. 315-335.  7aPolitical SciencexPhilosophy.2BUEsh9684 2BUEsh bBUSBOLcApril2016 2ddc c21684d21656 00102ddc40708AlahramaMAINbMAINc1STd2016-04-27ePurchaseg353.00l0o320.01 SHOp000032411r2025-07-15 00:00:00v441.25yBB